| 000 | 00481nam a2200145 a 4500 | ||
|---|---|---|---|
| 001 | 000029624 | ||
| 005 | 20200930055702.0 | ||
| 008 | 110419s2004 dr 000 0 spa d | ||
| 040 |
_aDO-SdBNP _bspa _cBNPHU |
||
| 245 | 0 | 0 |
_aManejo poscosecha de productos perecederos : _bsu incidencia en la calidad. |
| 260 |
_aSanto Domingo : _bIDIAF, _c2004. |
||
| 300 |
_a8 p. : _bil. ; _c26 cm. |
||
| 710 | 2 |
_aInstituto Dominicano de Investigaciones Agropecuarias y Forestales _9299 |
|
| 049 | _aBNPD | ||
| 999 |
_c29116 _d29116 |
||